000 01260nam a22004217a 4500
001 BR0003567
003 BR-BrBNA
005 20230928100730.0
007 ta
008 230509b bl.||||| |||| 00| 0 por d
040 _aBR-BrBNA
_bpor
_cBiblioteca Nacional de Agricultura
041 _a(Por)
072 _aL01; L10; F01
090 _ L01 BR0003567
100 1 _aMoura; A.S.A.M.T.
100 1 _aWechsler, F.S.
100 1 _aLavezzo, W.(eds.)
110 1 _aSociedade Brasileira de Zootecnia, Brasilia, DF (Brasil)
_99806
111 1 _a35. Reuniao Anual da Sociedade Brasileira de Zootecnia
_cBotucatu, SP (Brazil)
_d27-31 Jul de 1998
245 1 _aAnais da 35. Reuniao Anual da Sociedade Brasileira de Zootecnia
260 3 _aBotucatu, SP (Brasil):
_c1998.
300 _av. 1-4
650 _aZootecnia
650 _aManejo
650 _aForragicultura
650 _aReproducao Animal
650 _aMelhoramento Genetico Animal
650 _aNutricao Animal
650 _aSistema de Producao
650 _aBioclimatologia
650 _aEtiologia
650 _aSao Paulo
650 _aProducao Vegetal
650 _aMelhoramento Genetico Vegetal
650 _aAdubacao
909 _a202309
_bLucia
_c55
_dLucia Elande
942 _cBK
999 _c62546
_d62546